| 000 | 01749cam a22004577i 4500 | ||
|---|---|---|---|
| 001 | 18766523 | ||
| 003 | OSt | ||
| 005 | 20221214164114.0 | ||
| 008 | 150901s2014 inua 001 0 eng d | ||
| 010 | _a 2015472490 | ||
| 020 | _a9780470560631 | ||
| 035 | _a(OCoLC)ocn864323121 | ||
| 037 | _bJohn Wiley & Sons Inc, Eastern Dist Center One Wiley Dr, Somerset, NJ, USA, 08873 | ||
| 040 |
_aAU@ _beng _cAU@ _erda _dOCLCO _dCLE _dOCLCQ _dOCLCF _dTOH _dDLC |
||
| 042 | _alccopycat | ||
| 050 | 0 | 0 | _aQA76.8.M3.G78 |
| 082 | 0 | 4 |
_a004.165 _223 |
| 100 | 1 |
_aMiser, Brad _9856 |
|
| 245 | 1 | 0 |
_aMacBook Pro: portable genius. / _cby Brad Miser |
| 250 | _a2nd ed. | ||
| 264 | 1 |
_aIndianapolis, Indiana : _bWiley, _c2009. |
|
| 300 |
_axvi, 415 p. : _bcolor illustrations ; _c23 cm |
||
| 336 |
_atext _btxt _2rdacontent |
||
| 337 |
_aunmediated _bn _2rdamedia |
||
| 338 |
_avolume _bnc _2rdacarrier |
||
| 490 | 1 | _aPortable genius | |
| 500 | _aIncludes index. | ||
| 500 | _aPrevious edition: by Brad Miser. | ||
| 505 | _aContents: | ||
| 520 | _aLooks at the features and functions of the MacBook Pro, covering such topics as creating and managing user accounts, using iCloud, managing contacts and e-mails, working with calendars, and running Windows applications virtually. | ||
| 630 | 0 | 0 |
_aMac OS. _9857 |
| 630 | 0 | 7 |
_aMac OS. _2fast _0(OCoLC)fst01386304 _9857 |
| 650 | 0 |
_aMacBook Pro (Computer) _9858 |
|
| 650 | 0 |
_aLaptop computers. _9859 |
|
| 650 | 7 |
_aLaptop computers. _2fast _0(OCoLC)fst00992606 _9859 |
|
| 650 | 7 |
_aMacBook Pro (Computer) _2fast _0(OCoLC)fst01894426 _9858 |
|
| 830 | 0 |
_aPortable genius. _9860 |
|
| 906 |
_a7 _bcbc _ccopycat _d2 _encip _f20 _gy-gencatlg |
||
| 942 |
_2lcc _cBK |
||
| 999 |
_c9357 _d16857 |
||